Allemand science vocabulaire - Quiz - Statistiques

Statistiques générales
  • Ce quiz a été pris 15 fois
  • Le résultat moyen est 8 sur 32
Statistiques - réponses
Allemand Français % Correct
denken penser
87%
der Friede =/ der Krieg la paix =/ la guerre
67%
die Atombombe la bombe atomique
60%
die Zeit le temps
60%
die wissenschaft la science
53%
die Welt le monde
53%
der wissenschaftler / die wissenschaftlerin le scientifique
47%
das experiment l'expérience
47%
der Pazifist le pacifiste
40%
der Raum la piece
33%
die forschung la recherche
33%
die Ethik l'ethique
33%
der Atomkrieg la guerre nucléaire
27%
die UNO l'ONU
27%
den Alltag verbessern améliorer le quotidien
13%
das Gewissen la conscience
13%
die Schuld la culpabilité
13%
die Grenze la limite
13%
die Atomwaffe l'arme nucléaire
13%
der Forscher / die Forscherin le chercheur
13%
eine ganze Stadt zerstören détruire toute une ville
7%
schockiert sein, der Schock être choqué, le choc
7%
nach etw forschen faire de la recherche
7%
die Kernspaltung, die Atomspaltung la fission nucléaire
7%
der Alptraum le cauchemar
7%
der Alltag le quotidien
7%
das werk l'oeuvre
7%
sich für Frieden sein/setzen, angagieren s'engager pour la paix
7%
eine ganze Zivilisation vernichten anéantir une population
0%
denkbar =/ undenkbar concevable =/ inconcevable
0%
den Atomkern spalten fissionner le noyau de l'atome
0%
der Atomkern le noyau de l'atome
0%
Aucun quiz correspondant
Distribution des résultats
% des personnes avec chaque résultat
Percentile par nombre de réponses
Votre historique - résultats
Vous n’avez pas pris ce quiz